The liberation war (Record no. 551715)
[ view plain ]
| 000 -LEADER | |
|---|---|
| fixed length control field | 00454cam a2200145 4500 |
| 082 00 - DEWEY DECIMAL CLASSIFICATION NUMBER | |
| Classification number | 355.02 |
| Author Mark | MOH |
| -- | D |
| 100 1# - MAIN ENTRY--PERSONAL NAME | |
| Personal name | Ayoob, Mohammed, |
| 9 (RLIN) | 48843 |
| 245 14 - TITLE STATEMENT | |
| Title | The liberation war |
| Statement of responsibility, etc. | [by] Mohammed Ayoob and K. Subrahmanyam. |
| 260 ## - PUBLICATION, DISTRIBUTION, ETC. | |
| Place of publication, distribution, etc. | New Delhi, |
| Name of publisher, distributor, etc. | S. Chand |
| Date of publication, distribution, etc. | [1972] |
| 300 ## - PHYSICAL DESCRIPTION | |
| Extent | xiii, 292 p. |
| Dimensions | 23 cm. |
| 526 ## - STUDY PROGRAM INFORMATION NOTE | |
| Program name | 0 |
| Interest level | 0 |
| Reading level | 0 |
| Title point value | 355_020000000000000_MOH |
| 650 #0 - SUBJECT ADDED ENTRY--TOPICAL TERM | |
| Topical term or geographic name entry element | India-Pakistan, Conflict, 1971. |
| 9 (RLIN) | 5188 |
| 700 1# - ADDED ENTRY--PERSONAL NAME | |
| Personal name | Subrahmanyam, K. |
| 9 (RLIN) | 26700 |
| 942 ## - ADDED ENTRY ELEMENTS (KOHA) | |
| Source of classification or shelving scheme | |
| Koha item type | Book |
| Withdrawn status | Lost status | Source of classification or shelving scheme | Damaged status | Not for loan | Permanent Location | Current Location | Date acquired | Total Checkouts | Full call number | Barcode | Date last seen | Price effective from | Koha item type |
|---|---|---|---|---|---|---|---|---|---|---|---|---|---|
| Military College of Engineering (MCE) | Military College of Engineering (MCE) | 12/24/2014 | 355.02 MOH | MCE-34704 | 12/24/2014 | 12/24/2014 | Book |
